000 00698nam a2200217 i 4500
001 59673
003 ES-MaACL
005 20250808022122.0
007 t|
008 031030s1959 sp ||||1| spa d
245 0 3 _aEl ejército soviético /
_ccompilado por B.H. Liddell Hart ; [versión española de C. Paytuvi].
250 _a[1ª ed.].
260 _aBarcelona :
_bLuis de Caralt,
_c[1959] (
_fRafael Salvá)
300 _a387 p., 2 lám. ;
_c22 cm.
490 1 _aLa vida vivida
700 1 _aHart, B. H. Liddell.
_961957
700 0 _aPaytuví de Sierra, Carlos.
_989742
830 0 3 _aLa vida vivida
_9180877
852 _aES-MaACL
_jC-16253
_bR.44164
999 _c59673
_d59673